Mi reflejo en el espejo : (Registro nro. 21974)

Detalles MARC
000 -Cabecera
Campo de control interno 00956nam a2200265Ia 4500
005 - Fecha y hora del registro
control field 20260320113330.0
008 - Elementos de Longitud Fija
fixed length control field 260320s9999||||xx |||||||||||||| ||und||
020 ## - ISBN
ISBN 9786125165114
041 ## - Idioma
Codigo Idioma ESP
082 ## - DEWEY y NOTACIÓN INTERNA
Dewey 158.1
Notación Interna N94
100 ## - AUTOR
Autor denominación Núñez Cohello, Ana Lucía,
Término de relación autor
245 #0 - TÍTULO DE MATERIAL BIBLIOGRÁFICO
Título Mi reflejo en el espejo :
Título paralelo guía para fortalecer la autoestima para niños y adolescentes entre 7 y 14 años
246 ## - TÍTULO TRADUCIDO
Título
Título paralelo
Autor
250 ## - EDICIÓN
Edición Primera edición
260 ## - CIUDAD, EDITORIAL, AÑO
Ciudad Arequipa :
Nombre de la Editorial Universidad Católica San Pablo,
Año 2025
300 ## - DESCRIPCIÓN
N° Páginas 103 páginas :
Otros detalles ilustraciones ;
Dimensiones 22 cm.
Material Adicional
440 ## - MENCIÓN DE SERIE
Título de la Serie
Número de Serie
Volumen de Serie
650 ## - TEMAS
Temas Psicología
653 ## - DESCRIPTORES
Lenguajes no controlado Autoestima; Niños; Adolescentes; Autoconocimiento; Aceptación
654 ## - PROGRAMAS
Programa Dpto. de Psicología
700 ## - OTROS AUTORES
Otros autores
Títulos y otras palabras asociadas con el nombre
856 ## - URL - UBICACIÓN
URI/URL: Enlace exacto del recurso <a href="https://0u20vmqdl-y-https-ebookcentral-proquest-com.itmsp.museknowledge.com/lib/catolicasp/home.action">https://0u20vmqdl-y-https-ebookcentral-proquest-com.itmsp.museknowledge.com/lib/catolicasp/home.action</a>
Nota pública: Versión digital <a href="Véase además: Base de datos ProQuest Ebook Central">Véase además: Base de datos ProQuest Ebook Central</a>
942 ## - ELEMENTOS DE KOHA
Tipo de documento Libro
Nombre del creador Justo Noguera
Código de catalogador Margarita Torres
Esquema de clasificación Dewey Decimal Classification
Suppress in OPAC
Existencias
Codigo completo Registro Colección Copia número Disponibilidad Tipo de préstamo Biblioteca Actual Procedencia (Biblioteca) Ubicacón Fecha Ingreso Tipo de Adquisición Observación Date last seen Total checkouts Price effective from Tipo de Item Estado del Material Fuente de Clasificación Damaged status Withdrawn status
158.1 N94 1086543 Universidad Católica San Pablo 1 Disponible Disponible Víctor Andrés Belaunde Víctor Andrés Belaunde Planta baja abierta 10/03/2026 Donación Fondo Editorial UCSP 20/03/2026   20/03/2026 Libro Bueno Dewey Decimal Classification